00280nam a2200121Ia 4500008004100000082001300041100001300054245003600067250000800103260003100111300000800142650000800150191201s2011 xx 000 0 und d a658bJAM aJAIN,N.C 0aManagement: Theory and Practice a2nd aN. DelhibAITBS Pub.c2011 a447 aBBA